[Event "ICS rated blitz match"]
[Site "204.178.125.65"]
[Date "2001.09.23"]
[Round "?"]
[White "Hossa"]
[Black "Amateur"]
[Result "1-0"]
[WhiteElo "2627"]
[BlackElo "2501"]
[PlyCount "97"]
[EventDate "2001.??.??"]

1. e4 c5 2. Nf3 Nc6 3. d4 cxd4 4. Nxd4 Nf6 5. Nc3 e5 6. Ndb5 d6 7. Bg5 a6 8.
Na3 b5 9. Bxf6 gxf6 10. Nd5 Bg7 11. c3 f5 12. exf5 Bxf5 13. Nc2 O-O 14. Nce3
Be6 15. Bd3 f5 16. Qh5 e4 17. Bc2 Ne7 18. Nf4 Bf7 19. Bb3 Bxb3 20. axb3 Qe8 21.
Qxe8 Rfxe8 22. Nfd5 Nxd5 23. Nxd5 Ra7 24. b4 Kf7 25. Ke2 Bh6 26. g3 Rc8 27.
Rhd1 Ke6 28. Rd4 Rc6 29. f3 Ke5 30. Re1 Rc4 31. Rxc4 bxc4 32. Nb6 Rc7 33. Ra1
Ke6 34. f4 Rc6 35. Rxa6 Bg7 36. b5 Rc5 37. Na8 Kf7 38. Ra7+ Kg8 39. Nc7 Bf8 40.
b6 Be7 41. b7 Kf7 42. b8=Q Kg7 43. Ne6+ Kh6 44. Rxe7 Rc8 45. Rxh7+ Kxh7 46.
Qb7+ Rc7 47. Qxc7+ Kg6 48. Qg7+ Kh5 49. Qg5# {Amateur checkmated} 1-0

[Event "ICS rated blitz match"]
[Site "204.178.125.65"]
[Date "2001.09.23"]
[Round "?"]
[White "Amateur"]
[Black "Hossa"]
[Result "0-1"]
[WhiteElo "2491"]
[BlackElo "2637"]
[PlyCount "68"]
[EventDate "2001.??.??"]

1. Nf3 c5 2. c4 g6 3. Nc3 Bg7 4. Ne4 b6 5. d4 cxd4 6. Nxd4 d5 7. Ng5 h6 8. Ngf3
dxc4 9. Qa4+ Qd7 10. Qxc4 Ba6 11. Qc3 Nf6 12. Bf4 O-O 13. Qd2 Rd8 14. Bxh6 Ne4
15. Qc2 Bxd4 16. e3 Bf6 17. Bxa6 Nxa6 18. Qxe4 Nc5 19. Qc2 Bxb2 20. Rb1 Qb5 21.
Nd4 Bc3+ 22. Kd1 Qa5 23. Ke2 e5 24. Nb3 Nxb3 25. Qxb3 Rd2+ 26. Kf3 Kh7 27. Rbc1
e4+ 28. Kg3 Kxh6 29. f4 exf3 30. Rxc3 Qg5+ 31. Kxf3 Qxg2+ 32. Kf4 Re8 33. Qe6
Rxe6 34. e4 Rxe4# {Amateur checkmated} 0-1

[Event "ICS rated blitz match"]
[Site "204.178.125.65"]
[Date "2001.09.23"]
[Round "?"]
[White "postalex"]
[Black "Hossa"]
[Result "0-1"]
[WhiteElo "2075"]
[BlackElo "2647"]
[PlyCount "78"]
[EventDate "2001.??.??"]

1. e4 c5 2. Nf3 Nc6 3. d4 cxd4 4. Nxd4 g6 5. c4 Bg7 6. Be3 Nf6 7. Nc3 Ng4 8.
Qxg4 Nxd4 9. Qd1 Ne6 10. Be2 Bxc3+ 11. bxc3 Qc7 12. Qd2 b6 13. a4 Bb7 14. f3 f5
15. exf5 gxf5 16. a5 bxa5 17. O-O Rg8 18. Rfb1 f4 19. Bf2 Bc6 20. Kf1 Qe5 21.
c5 Qg5 22. g4 fxg3 23. Qxg5 Nxg5 24. hxg3 Nxf3 25. Bxf3 Bxf3 26. Rxa5 Rg6 27.
Rb4 a6 28. Rb6 Kf7 29. Rxg6 Kxg6 30. Bd4 Bc6 31. Ke2 e5 32. Bf2 Kf5 33. Ke3 Kg4
34. Ra1 a5 35. Be1 a4 36. Ra2 Rb8 37. Rh2 a3 38. Rh4+ Kf5 39. Rh5+ Kg6 {
postalex resigns} 0-1

[Event "ICS rated blitz match"]
[Site "204.178.125.65"]
[Date "2001.09.23"]
[Round "?"]
[White "Hossa"]
[Black "burek"]
[Result "1-0"]
[WhiteElo "2648"]
[BlackElo "2200"]
[PlyCount "105"]
[EventDate "2001.??.??"]

1. e4 e5 2. Bc4 Nf6 3. Nc3 Nc6 4. Nf3 Nxe4 5. Nxe4 d5 6. Bxd5 Qxd5 7. Nc3 Qd8
8. O-O Bd6 9. d3 O-O 10. Be3 Bg4 11. Re1 Nd4 12. Bxd4 exd4 13. Nb5 Qf6 14. Re4
Bf5 15. Nxd6 Bxe4 16. Nxe4 Qb6 17. Rb1 f5 18. Ng3 Rae8 19. c3 c5 20. cxd4 cxd4
21. Qa4 Rd8 22. Ne2 Qc6 23. Qxc6 bxc6 24. Nexd4 Rd6 25. Rc1 g6 26. Rxc6 Rxc6
27. Nxc6 Kg7 28. Nfe5 Rc8 29. d4 a6 30. d5 Kf6 31. d6 Ke6 32. d7 Rh8 33. f4 Kd6
34. d8=Q+ Rxd8 35. Nxd8 Kd5 36. Ndc6 Kc5 37. Kf2 Kb5 38. Nd4+ Kc5 39. Ne6+ Kd6
40. Ng5 Ke7 41. Nxh7 Ke6 42. Nf8+ Ke7 43. Nfxg6+ Ke6 44. h4 Kd6 45. h5 Kd5 46.
h6 Kd4 47. h7 a5 48. Nc6+ Kd3 49. Nxa5 Kc2 50. h8=Q Kb1 51. Qc3 Kxa2 52. Nc4
Ka1 53. b3+ {burek resigns} 1-0

[Event "ICS rated blitz match"]
[Site "204.178.125.65"]
[Date "2001.09.23"]
[Round "?"]
[White "Hossa"]
[Black "lupica"]
[Result "1-0"]
[WhiteElo "2648"]
[BlackElo "2259"]
[PlyCount "47"]
[EventDate "2001.??.??"]

1. e4 c5 2. Nf3 e6 3. d4 cxd4 4. Nxd4 Nc6 5. Nb5 d6 6. Bf4 e5 7. Be3 Nf6 8. Bg5
a6 9. N5c3 Be7 10. Bxf6 gxf6 11. Bd3 O-O 12. O-O Kh8 13. Nd5 Rg8 14. Kh1 Be6
15. Nbc3 Rg7 16. Qd2 Qg8 17. f3 Bd8 18. f4 Rc8 19. Rad1 b5 20. Rf2 Bxd5 21.
Nxd5 Rg6 22. Qe3 Qg7 23. Qh3 Rb8 24. Qd7 {lupica resigns} 1-0

[Event "ICS rated blitz match"]
[Site "204.178.125.65"]
[Date "2001.09.23"]
[Round "?"]
[White "lupica"]
[Black "Hossa"]
[Result "0-1"]
[WhiteElo "2256"]
[BlackElo "2651"]
[PlyCount "122"]
[EventDate "2001.??.??"]

1. d4 Nf6 2. Nf3 e6 3. e3 b6 4. Bd3 Bb7 5. O-O d5 6. Ne5 Bd6 7. f4 c5 8. c3
Nbd7 9. Nd2 c4 10. Bc2 b5 11. Qf3 Rb8 12. Nxd7 Qxd7 13. e4 dxe4 14. Nxe4 Nxe4
15. Bxe4 b4 16. f5 Bxe4 17. Qxe4 O-O 18. fxe6 fxe6 19. Bd2 bxc3 20. Bxc3 Rxf1+
21. Rxf1 Be7 22. Re1 Rb6 23. g3 Ra6 24. a3 Rd6 25. d5 Rxd5 26. Qxe6+ Qxe6 27.
Rxe6 Bf6 28. Bxf6 Rd1+ 29. Kf2 gxf6 30. Rc6 Rd2+ 31. Kf3 Rxb2 32. Rxc4 Rb3+ 33.
Kg4 Rxa3 34. Kf5 Ra2 35. h4 Rf2+ 36. Ke6 Kg7 37. Ra4 Re2+ 38. Kf5 Re5+ 39. Kf4
a5 40. g4 Rb5 41. Kf3 f5 42. gxf5 Kf6 43. Rc4 Kxf5 44. Rc7 h6 45. Rf7+ Kg6 46.
Ra7 Kh5 47. Ra6 Rb3+ 48. Kg2 Ra3 49. Kh2 Ra4 50. Kg2 Rg4+ 51. Kf3 a4 52. Kf2
Rxh4 53. Ra5+ Kg6 54. Kg3 Rc4 55. Ra6+ Kf5 56. Rxh6 Ke4 57. Kf2 Kd3 58. Rd6+
Kc3 59. Ke2 a3 60. Kd1 a2 61. Ra6 Kb3 {lupica resigns} 0-1

[Event "ICS rated blitz match"]
[Site "204.178.125.65"]
[Date "2001.09.23"]
[Round "?"]
[White "Hossa"]
[Black "lupica"]
[Result "1-0"]
[WhiteElo "2654"]
[BlackElo "2253"]
[PlyCount "35"]
[EventDate "2001.??.??"]

1. e4 c5 2. Nf3 e6 3. d4 cxd4 4. Nxd4 Nc6 5. Nc3 Qc7 6. f4 a6 7. Nf3 Bc5 8. Bd2
b5 9. e5 d5 10. exd6 Bxd6 11. a4 b4 12. Ne4 Nf6 13. Nxd6+ Qxd6 14. Be3 Nd5 15.
Bc4 O-O 16. Ng5 Qe7 17. Qd3 Nxe3 18. Qxh7# {lupica checkmated} 1-0

[Event "ICS rated blitz match"]
[Site "204.178.125.65"]
[Date "2001.09.23"]
[Round "?"]
[White "lupica"]
[Black "Hossa"]
[Result "0-1"]
[WhiteElo "2250"]
[BlackElo "2657"]
[PlyCount "58"]
[EventDate "2001.??.??"]

1. e4 d5 2. exd5 Nf6 3. Nc3 Nxd5 4. Nge2 e6 5. g3 Nxc3 6. Nxc3 Bd7 7. Bg2 Bc6
8. O-O Bxg2 9. Kxg2 Nc6 10. d3 Bb4 11. Be3 O-O 12. Ne2 Qd5+ 13. f3 Qe5 14. Bc1
Qf5 15. c3 Be7 16. d4 e5 17. Qb3 Qd3 18. Rf2 Rab8 19. dxe5 Nxe5 20. Nf4 Qf5 21.
Be3 b6 22. Rd1 Rbd8 23. Bd4 Bg5 24. Bxe5 Qxe5 25. Nd3 Qf5 26. Ne1 Rxd1 27. Qxd1
Qe6 28. a3 Rd8 29. Qe2 Be3 {lupica resigns} 0-1

[Event "ICS rated blitz match"]
[Site "204.178.125.65"]
[Date "2001.09.23"]
[Round "?"]
[White "Hossa"]
[Black "lupica"]
[Result "1-0"]
[WhiteElo "2660"]
[BlackElo "2247"]
[PlyCount "61"]
[EventDate "2001.??.??"]

1. e4 c5 2. Nf3 e6 3. d4 cxd4 4. Nxd4 Nc6 5. Nb5 d6 6. Bf4 e5 7. Be3 Nf6 8. Bg5
a6 9. N5c3 Be7 10. Bxf6 Bxf6 11. Nd5 O-O 12. Bd3 Bg5 13. h4 Bh6 14. Nbc3 Be6
15. Qh5 Rc8 16. Rb1 b5 17. a4 b4 18. Nd1 Nd4 19. c3 bxc3 20. bxc3 Nc6 21. Bxa6
Rb8 22. Rxb8 Qxb8 23. Nf6+ gxf6 24. Qxh6 Qb6 25. Bb5 Na7 26. Bd3 Qd8 27. O-O
Nc6 28. Ne3 Qe7 29. Re1 Rc8 30. Nd5 Bxd5 31. Re3 {lupica resigns} 1-0

[Event "ICS rated blitz match"]
[Site "204.178.125.65"]
[Date "2001.09.23"]
[Round "?"]
[White "lupica"]
[Black "Hossa"]
[Result "0-1"]
[WhiteElo "2244"]
[BlackElo "2663"]
[PlyCount "122"]
[EventDate "2001.??.??"]

1. d4 Nf6 2. Nf3 e6 3. e3 b6 4. Bd3 Bb7 5. O-O d5 6. Ne5 Bd6 7. f4 c5 8. c3
Nbd7 9. Nd2 c4 10. Bc2 b5 11. Qf3 Rb8 12. Nxd7 Qxd7 13. e4 dxe4 14. Nxe4 Nxe4
15. Bxe4 b4 16. f5 Bxe4 17. Qxe4 O-O 18. Bd2 bxc3 19. Bxc3 exf5 20. Qxf5 Qxf5
21. Rxf5 Rfe8 22. Rf2 f6 23. g3 Kf7 24. Kf1 Re3 25. Re1 Rd3 26. Rfe2 Bb4 27.
Re3 Bxc3 28. bxc3 Rb2 29. R1e2 Rxe3 30. Rxb2 Rxc3 31. Rb7+ Kg6 32. Rxa7 Rc2 33.
h3 Rd2 34. Rc7 Rxd4 35. a4 c3 36. Rxc3 Rxa4 37. Kg2 f5 38. h4 h6 39. Kh3 Ra2
40. g4 f4 41. Rc6+ Kh7 42. h5 Re2 43. Rc4 Rf2 44. Ra4 Kg8 45. Ra7 Kf8 46. Rb7
Rf3+ 47. Kh4 Rf1 48. Kh3 Rf2 49. Ra7 Rf3+ 50. Kh4 Rf1 51. Kh3 Re1 52. Ra4 Re3+
53. Kh2 Rf3 54. Ra8+ Ke7 55. Ra7+ Kf6 56. Ra6+ Kg5 57. Rg6+ Kh4 58. Rxg7 Rg3
59. g5 Rxg5 60. Rf7 Kg4 61. Kg2 Rxh5 {lupica resigns} 0-1

[Event "ICS rated blitz match"]
[Site "204.178.125.65"]
[Date "2001.09.23"]
[Round "?"]
[White "Hossa"]
[Black "ChesterX"]
[Result "0-1"]
[WhiteElo "2666"]
[BlackElo "2793"]
[PlyCount "192"]
[EventDate "2001.??.??"]

1. e4 c5 2. Nf3 d6 3. d4 cxd4 4. Qxd4 Nc6 5. Qd3 Nf6 6. Be2 g6 7. O-O Bg7 8. e5
Nxe5 9. Nxe5 dxe5 10. Qxd8+ Kxd8 11. Bc4 Ke8 12. Rd1 Bf5 13. Na3 Kf8 14. Be3
Kg8 15. Bb3 a6 16. Nc4 e4 17. Nb6 Re8 18. Ba4 Rb8 19. Bf4 Rf8 20. c3 h5 21. Bc7
Kh7 22. h3 Be6 23. Bc2 Rhg8 24. Re1 Bd5 25. Rad1 Bxa2 26. b3 Ne8 27. Bd8 Bxc3
28. Re3 Nf6 29. Bxe7 Re8 30. Rxc3 Rxe7 31. Rd6 Kg7 32. Rxf6 Kxf6 33. Nd5+ Ke6
34. Nxe7 Kxe7 35. Bxe4 b5 36. g3 a5 37. Bc2 Ra8 38. Be4 Rd8 39. Re3 Rd1+ 40.
Kg2 Kd6 41. Rc3 a4 42. bxa4 bxa4 43. g4 Rd4 44. Kf3 Bd5 45. Bxd5 Kxd5 46. gxh5
gxh5 47. Ke2 f6 48. Rf3 Ke5 49. Rc3 f5 50. Kf3 Rb4 51. Rc5+ Kf6 52. Rc7 Kg5 53.
Rg7+ Kh4 54. Rf7 a3 55. Ra7 Rb3+ 56. Kg2 Kg5 57. Ra4 h4 58. Ra5 Rc3 59. Ra8 f4
60. Kh2 Kf5 61. Ra4 Ke5 62. Kg2 Rb3 63. Kh2 Rd3 64. Kg2 Rc3 65. Kh2 Rb3 66. Kg2
Kf5 67. Kh2 Kg5 68. Ra5+ Kf6 69. Ra6+ Ke7 70. Ra4 Ke6 71. Rxf4 a2 72. Ra4 Rb2
73. Kg2 Kd5 74. Kf3 Kc6 75. Ra5 Kb6 76. Ra8 Kb5 77. Ke4 Kc4 78. f4 Rb4 79. Rxa2
Kb3+ 80. Kf3 Kxa2 81. f5 Kb2 82. f6 Rb6 83. f7 Rf6+ 84. Kg4 Rxf7 85. Kg5 Kc3
86. Kg4 Kd4 87. Kxh4 Rg7 88. Kh5 Ke5 89. Kh6 Rg8 90. h4 Kf6 91. Kh5 Ke6 92. Kh6
Kf7 93. h5 Rg4 94. Kh7 Rg5 95. h6 Rg6 96. Kh8 Rxh6# {Hossa checkmated} 0-1

[Event "ICS rated blitz match"]
[Site "204.178.125.65"]
[Date "2001.09.23"]
[Round "?"]
[White "KingKings"]
[Black "Hossa"]
[Result "1-0"]
[WhiteElo "2484"]
[BlackElo "2617"]
[PlyCount "104"]
[EventDate "2001.??.??"]

1. d4 Nf6 2. c4 e6 3. Nf3 b6 4. g3 Ba6 5. b3 Bb4+ 6. Bd2 Be7 7. Bg2 c6 8. O-O
d5 9. Ne5 Nfd7 10. Bf4 g5 11. cxd5 cxd5 12. Nxd7 gxf4 13. Ne5 f6 14. Nd3 fxg3
15. fxg3 Nc6 16. Nf4 Qd6 17. Rf2 f5 18. e3 O-O-O 19. Nc3 Kb7 20. Rc1 Rc8 21.
Nfxd5 exd5 22. Nxd5 Bg5 23. Rxf5 Qh6 24. Nf4 Bxf4 25. Rxf4 Rhd8 26. Rc3 Kb8 27.
Rh4 Qf6 28. Rxh7 Qg6 29. Rh4 Nb4 30. Rxc8+ Bxc8 31. a3 Qc2 32. Bf3 Qxd1+ 33.
Bxd1 Nd5 34. Kf2 Re8 35. Bh5 Re7 36. e4 Nc3 37. Ke3 Rc7 38. a4 Nb1 39. Ke2 Rc2+
40. Kd1 Rg2 41. d5 Nc3+ 42. Ke1 Rb2 43. d6 Bd7 44. e5 Rxb3 45. Bf3 Bc8 46. Rh8
Nxa4 47. d7 Rc3 48. d8=Q Rc7 49. Qd5 Rc1+ 50. Kd2 Rd1+ 51. Bxd1 Nc3 52. Rxc8+
Kxc8 {Hossa resigns} 1-0

[Event "ICS rated blitz match"]
[Site "204.178.125.65"]
[Date "2001.09.23"]
[Round "?"]
[White "buzdovan"]
[Black "Hossa"]
[Result "0-1"]
[WhiteElo "2021"]
[BlackElo "2595"]
[PlyCount "46"]
[EventDate "2001.??.??"]

1. e4 e5 2. Nf3 Nc6 3. Bb5 a6 4. Ba4 Nf6 5. O-O Nxe4 6. d4 b5 7. Bb3 d5 8. Nc3
Nxc3 9. bxc3 e4 10. Re1 Be7 11. Nd2 O-O 12. a4 bxa4 13. Rxa4 Be6 14. Nf1 Qd7
15. Ba3 Bxa3 16. Rxa3 Ne7 17. Qa1 Qc6 18. Ra5 f5 19. Qa2 f4 20. Ra1 Qxc3 21.
Rxa6 Rxa6 22. Qxa6 Bf7 23. Qe2 Qxa1 {buzdovan resigns} 0-1

[Event "ICS rated blitz match"]
[Site "204.178.125.65"]
[Date "2001.09.23"]
[Round "?"]
[White "Hossa"]
[Black "Goteborg"]
[Result "0-1"]
[WhiteElo "2597"]
[BlackElo "2799"]
[PlyCount "122"]
[EventDate "2001.??.??"]

1. e4 c5 2. Nf3 d6 3. d4 cxd4 4. Nxd4 Nf6 5. Nc3 a6 6. Bg5 e6 7. f4 Nbd7 8. Qf3
Qc7 9. O-O-O Be7 10. g4 b5 11. Bh4 b4 12. Nb1 Bb7 13. Bd3 Nc5 14. Rhe1 Nfxe4
15. Bxe4 Bxh4 16. Bxb7 Qxb7 17. Qxb7 Nxb7 18. Re2 Be7 19. Nc6 a5 20. Nd2 Rc8
21. Na7 Rc7 22. Nb5 Rc5 23. Nd4 O-O 24. Ne4 Rc4 25. Rd3 d5 26. Nd2 Rcc8 27. Nb5
h6 28. Na7 Rc5 29. Nb3 Rc4 30. Rd4 a4 31. Rxc4 axb3 32. Rc6 bxa2 33. Ra6 Ra8
34. Rxa2 Bc5 35. f5 Nd8 36. Nc6 Rxa2 37. Nxd8 Ra1+ 38. Kd2 Be7 39. Nxf7 Kxf7
40. Rxe6 Bg5+ 41. Ke2 Rc1 42. Rc6 b3 43. Rc7+ Kg8 44. c3 Rc2+ 45. Kf3 Rxh2 46.
Rd7 Rxb2 47. Rxd5 Rc2 48. Rb5 Rxc3+ 49. Ke4 Bf6 50. Rb7 Rh3 51. Kd5 Re3 52. Kc4
b2 53. Kc5 Rg3 54. Kd6 Rxg4 55. Kc7 Bc3 56. f6 Rb4 57. Ra7 b1=Q 58. fxg7 Rc4+
59. Kd7 Qf5+ 60. Ke8 Qe6+ 61. Kd8 Rc8# {Hossa checkmated} 0-1

[Event "ICS rated blitz match"]
[Site "204.178.125.65"]
[Date "2001.09.23"]
[Round "?"]
[White "TacticalFish"]
[Black "Hossa"]
[Result "0-1"]
[WhiteElo "2013"]
[BlackElo "2589"]
[PlyCount "70"]
[EventDate "2001.??.??"]

1. e4 e5 2. Nf3 Nc6 3. Bb5 a6 4. Ba4 Nf6 5. Qe2 b5 6. Bb3 Be7 7. c3 Bc5 8. O-O
O-O 9. d3 d6 10. h3 a5 11. a4 b4 12. Bc2 bxc3 13. Nxc3 Rb8 14. Rb1 Bd7 15. Bg5
Nb4 16. Rfd1 Nxc2 17. Qxc2 c6 18. d4 exd4 19. Nxd4 Re8 20. Nf5 Bxf5 21. exf5
Re5 22. g4 Rb4 23. Qd2 Rd4 24. Qc2 h6 25. Bh4 Rb4 26. Ne4 Rbxe4 27. Bg3 Re2 28.
Qb3 R2e3 29. Bxe5 Rxb3 30. Rbc1 Nd5 31. Bg3 Rxg3+ 32. Kh2 Rxh3+ 33. Kxh3 Nf4+
34. Kg3 Qh4+ 35. Kxh4 Bxf2# {TacticalFish checkmated} 0-1

[Event "ICS rated blitz match"]
[Site "204.178.125.65"]
[Date "2001.09.23"]
[Round "?"]
[White "Hossa"]
[Black "buzdovan"]
[Result "1-0"]
[WhiteElo "2591"]
[BlackElo "2018"]
[PlyCount "53"]
[EventDate "2001.??.??"]

1. e4 c6 2. d4 d5 3. Nd2 dxe4 4. Nxe4 Nf6 5. Ng3 e6 6. Nf3 Bd6 7. Bd3 Qc7 8.
O-O Nbd7 9. c3 O-O 10. Bd2 Bf4 11. Bxf4 Qxf4 12. Ne2 Qh6 13. Qc2 Nb6 14. Rfe1
Nbd5 15. b3 Nf4 16. a3 Ng6 17. Rab1 Nh4 18. Ne5 Qg5 19. Ng3 Ng6 20. Bxg6 hxg6
21. Nf3 Qf4 22. Ra1 Ng4 23. Re4 Ne3 24. fxe3 Qh6 25. Rh4 Qxe3+ 26. Kh1 g5 27.
Qh7# {buzdovan checkmated} 1-0

[Event "ICS rated standard match"]
[Site "204.178.125.65"]
[Date "2001.09.23"]
[Round "?"]
[White "Hossa"]
[Black "agro"]
[Result "0-1"]
[WhiteElo "2358"]
[BlackElo "2317"]
[PlyCount "50"]
[EventDate "2001.??.??"]

1. e4 e5 2. Nf3 Nc6 3. Bc4 Nf6 4. Ng5 Bc5 5. Nxf7 Bxf2+ 6. Kf1 Qe7 7. Nxh8 d5
8. exd5 Nd4 9. c3 Bg4 10. Qa4+ Nd7 11. Kxf2 Qh4+ 12. g3 Qf6+ 13. Ke1 Qf5 14.
cxd4 Qe4+ 15. Kf2 Qf3+ 16. Ke1 Qxh1+ 17. Bf1 Qe4+ 18. Kf2 O-O-O 19. Kg1 Rf8 20.
Nf7 Rxf7 21. d3 Rxf1+ 22. Kxf1 Qf3+ 23. Kg1 Bh3 24. Qxd7+ Kxd7 25. dxe5 Qg2# {
Hossa checkmated} 0-1

[Event "ICS rated blitz match"]
[Site "204.178.125.65"]
[Date "2001.09.23"]
[Round "?"]
[White "Hossa"]
[Black "Goteborg"]
[Result "0-1"]
[WhiteElo "2592"]
[BlackElo "2792"]
[PlyCount "216"]
[EventDate "2001.??.??"]

1. e4 c5 2. c3 d5 3. exd5 Qxd5 4. d4 cxd4 5. Qxd4 Qxd4 6. cxd4 Nc6 7. Be3 Nf6
8. Nc3 e6 9. Nf3 Bd6 10. Bc4 O-O 11. O-O Bd7 12. Bg5 Rfc8 13. Bxf6 gxf6 14. Ne4
Be7 15. Bb5 a6 16. Ba4 b5 17. Bb3 Na5 18. Bd1 Nc4 19. Rb1 Ra7 20. Be2 Bc6 21.
Ned2 Nxd2 22. Nxd2 Rd7 23. Nb3 Bd5 24. Rbc1 Rxc1 25. Nxc1 f5 26. Rd1 Rc7 27.
Bd3 f4 28. Ne2 f3 29. Nc3 Bb7 30. gxf3 Bxf3 31. Re1 b4 32. Ne4 a5 33. Kf1 Rd7
34. Nd2 Bd5 35. Ke2 Bf6 36. Rg1+ Kh8 37. b3 Bxd4 38. Rg4 Bc6 39. f4 Bc3 40. Nc4
a4 41. Rg3 axb3 42. axb3 Ra7 43. Ke3 Bd5 44. Be4 Bxc4 45. bxc4 Rc7 46. Bd3 b3
47. Rg1 b2 48. h3 Rc5 49. Ke4 h5 50. Be2 Bd2 51. Rb1 Bc1 52. Kd4 Rf5 53. c5
Rxf4+ 54. Kc3 Re4 55. c6 Re5 56. Bf3 Rf5 57. Be4 Ra5 58. Kc4 Ra8 59. Bf3 h4 60.
Kc5 Kg7 61. c7 Rc8 62. Kb6 Bf4 63. Rxb2 Bxc7+ 64. Ka6 Bf4 65. Bb7 Rc3 66. Rf2
Bg5 67. Rf3 Rc1 68. Be4 f5 69. Bd3 Kg6 70. Kb5 Be7 71. Rf1 Rc3 72. Rf3 Kg5 73.
Ka6 Rb3 74. Be2 Rb2 75. Re3 Kf6 76. Bc4 e5 77. Rb3 Rc2 78. Bd3 Ra2+ 79. Kb5 e4
80. Bb1 Ra1 81. Kc4 Ra4+ 82. Kd5 Ra5+ 83. Kc4 Ra4+ 84. Kd5 Ra5+ 85. Kc4 Bd6 86.
Rb7 e3 87. Bd3 Ra2 88. Rb6 Ke7 89. Rb7+ Kf8 90. Rb6 Bg3 91. Kb3 Rd2 92. Kc4 e2
93. Bxe2 Rxe2 94. Rf6+ Ke7 95. Rxf5 Rh2 96. Rf3 Rxh3 97. Re3+ Kf6 98. Kd5 Rh1
99. Rd3 Rg1 100. Rc3 h3 101. Rf3+ Kg5 102. Rf8 h2 103. Kc4 h1=Q 104. Kd4 Rd1+
105. Kc3 Qc6+ 106. Kb2 Qb5+ 107. Kc2 Qa4+ 108. Kc3 Be5# {Hossa checkmated} 0-1

[Event "ICS rated standard match"]
[Site "204.178.125.65"]
[Date "2001.09.23"]
[Round "?"]
[White "winner3"]
[Black "Hossa"]
[Result "1-0"]
[WhiteElo "2535"]
[BlackElo "2340"]
[PlyCount "120"]
[EventDate "2001.??.??"]

1. e4 c5 2. Nf3 a6 3. c4 d6 4. d4 cxd4 5. Nxd4 Nf6 6. Nc3 g6 7. Bd3 Bg7 8. O-O
O-O 9. b3 Nc6 10. Nxc6 bxc6 11. Bb2 Bb7 12. Na4 Qc7 13. c5 d5 14. e5 Nd7 15. f4
Rfd8 16. Bd4 Ra7 17. Rc1 Nf8 18. Qe2 Bh6 19. g3 Bc8 20. Rfe1 a5 21. Qf3 Ne6 22.
Bc3 Bb7 23. Qf1 Qb8 24. Qh3 Kg7 25. Qg4 Qc7 26. Rcd1 d4 27. Bb2 Ba6 28. f5 Be3+
29. Rxe3 dxe3 30. Bxa6 Rxd1+ 31. Qxd1 gxf5 32. Bc4 Qd7 33. Qf1 Qd2 34. Bc1 Qd4
35. Qe2 Qxe5 36. Qxe3 Qxe3+ 37. Bxe3 Nf8 38. Bd4+ f6 39. Nb6 e5 40. Bc3 Ng6 41.
Bd3 e4 42. Bf1 a4 43. bxa4 f4 44. a5 fxg3 45. hxg3 Ne7 46. a6 Kg6 47. Bd2 Nd5
48. Nxd5 cxd5 49. Be3 d4 50. Bxd4 Rc7 51. c6 Rxc6 52. a7 Rc8 53. a4 Rd8 54. Bb5
f5 55. Bc6 Rxd4 56. a8=Q Rd1+ 57. Kg2 Kg7 58. Bd5 Kf6 59. Qh8+ Ke7 60. Qe5+ Kd8
{Hossa resigns} 1-0

[Event "ICS rated standard match"]
[Site "204.178.125.65"]
[Date "2001.09.23"]
[Round "?"]
[White "Hossa"]
[Black "winner3"]
[Result "1-0"]
[WhiteElo "2332"]
[BlackElo "2543"]
[PlyCount "143"]
[EventDate "2001.??.??"]

1. e4 e6 2. d4 d5 3. Nc3 Nf6 4. e5 Nfd7 5. Nce2 c5 6. f4 b6 7. g3 Nc6 8. Nf3
Be7 9. Bh3 Ba6 10. c3 cxd4 11. cxd4 Nb4 12. O-O Qc7 13. f5 Qc2 14. fxe6 Qxd1
15. exd7+ Kf8 16. Rxd1 Bxe2 17. Rf1 Bxf1 18. Kxf1 h6 19. Bd2 g5 20. e6 fxe6 21.
Bxe6 Kg7 22. Bxb4 Bxb4 23. Ne5 Raf8+ 24. Kg2 Rf6 25. Rf1 Be7 26. Rxf6 Kxf6 27.
Bxd5 Rd8 28. Bc6 Ke6 29. Kf3 Kd6 30. Bb5 Rf8+ 31. Ke3 Rf5 32. Bd3 Rxe5+ 33.
dxe5+ Kxd7 34. Kd4 Bc5+ 35. Kd5 Ke7 36. g4 Be3 37. Bf5 Bc1 38. b3 b5 39. Kc5
Bf4 40. e6 Bxh2 41. Kxb5 Kd6 42. Ka6 Bg1 43. b4 Ke7 44. a4 Bd4 45. a5 Bf2 46.
b5 Bc5 47. Kb7 Kd6 48. b6 axb6 49. axb6 Ke7 50. Kc7 Bd4 51. b7 Bf6 52. b8=R
Be5+ 53. Kc8 Bd6 54. Rb7+ Kf6 55. Kd8 Ke5 56. e7 Bxe7+ 57. Rxe7+ Kd4 58. Re6
Kc3 59. Rxh6 Kd4 60. Rd6+ Ke3 61. Rd3+ Kf4 62. Ke7 Ke5 63. Bg6 Kf4 64. Kf6 Kxg4
65. Rd4+ Kf3 66. Kxg5 Ke3 67. Rd3+ Ke2 68. Kh4 Ke1 69. Kg3 Ke2 70. Kg2 Ke1 71.
Kf3 Kf1 72. Rd1# {winner3 checkmated} 1-0

[Event "ICS rated standard match"]
[Site "204.178.125.65"]
[Date "2001.09.23"]
[Round "?"]
[White "winner3"]
[Black "Hossa"]
[Result "1/2-1/2"]
[WhiteElo "2518"]
[BlackElo "2357"]
[PlyCount "223"]
[EventDate "2001.??.??"]

1. d4 Nf6 2. c4 e6 3. Nc3 Bb4 4. e3 c5 5. Nge2 cxd4 6. exd4 O-O 7. a3 Be7 8. d5
exd5 9. cxd5 Bc5 10. b4 Bd6 11. g3 Re8 12. Bg2 Be5 13. O-O a5 14. bxa5 Rxa5 15.
Rb1 d6 16. f4 Bxc3 17. Nxc3 b6 18. Qd4 Nbd7 19. Rb4 Nc5 20. Bb2 Bf5 21. Rd1 Re7
22. h3 Ra8 23. g4 Bc2 24. Rd2 Bb3 25. g5 Ne8 26. Ne4 Ba2 27. Rd1 Qd7 28. Nd2 b5
29. Ra1 Na6 30. Rxa2 Nxb4 31. Qxb4 Ra4 32. Qc3 Qa7+ 33. Kh2 Qf2 34. Ba1 Qxf4+
35. Qg3 Re2 36. Rc2 Qxg3+ 37. Kxg3 Rxa3+ 38. Bf3 Rxd2 39. Rxd2 Rxa1 40. Rb2 Ra5
41. Be2 b4 42. Rxb4 Rxd5 43. Kf4 Re5 44. Bc4 Rc5 45. Bd3 Rc8 46. Rb6 d5 47. Ke5
Rd8 48. h4 Nc7 49. Rd6 Rxd6 50. Kxd6 Ne6 51. Bf5 Nf4 52. Ke5 Ng6+ 53. Kxd5 Nxh4
54. Bg4 h6 55. gxh6 gxh6 56. Ke5 Kg7 57. Bh5 Ng6+ 58. Kf5 Ne7+ 59. Ke5 f6+ 60.
Ke6 Nc6 61. Kf5 Nd4+ 62. Ke4 Ne6 63. Kf5 Nc5 64. Bf3 Na4 65. Bh5 Nb6 66. Bg4
Nc4 67. Bh5 Nd6+ 68. Kf4 Kf8 69. Bg6 Kg8 70. Kg4 Kg7 71. Bd3 Nc8 72. Bf5 Ne7
73. Bd7 Ng6 74. Be8 Ne5+ 75. Kf5 Nd3 76. Bh5 Nb4 77. Ke4 Nc2 78. Kd3 Na3 79.
Ke4 Nb5 80. Kf5 Nc3 81. Bf3 Nb1 82. Bh5 Nd2 83. Kf4 Nb3 84. Kf5 Na5 85. Bf3 Kf7
86. Bd5+ Kg7 87. Bf3 Kf7 88. Bd5+ Kg7 89. Bf3 Kf7 90. Bd5+ Kg7 91. Bf3 Kf7 92.
Bd5+ Kg7 93. Bf3 Kf7 94. Bd5+ Kg7 95. Bf3 Kf7 96. Bd5+ Kg7 97. Bf3 Kf7 98. Bd5+
Kg7 99. Bf3 Kf7 100. Bd5+ Kg7 101. Bf3 Kf7 102. Bd5+ Kg7 103. Bf3 Kf7 104. Bd5+
Kg7 105. Bf3 Kf7 106. Bd5+ Kg7 107. Bf3 Kf7 108. Bd5+ Kg7 109. Bf3 Kf7 110. Bg4
Nc4 111. Bh5+ Kg7 112. Bg6 {
Hossa ran out of time and winner3 has no material to mate} 1/2-1/2

[Event "ICS rated blitz match"]
[Site "204.178.125.65"]
[Date "2001.09.23"]
[Round "?"]
[White "Hossa"]
[Black "arcos"]
[Result "1-0"]
[WhiteElo "2585"]
[BlackElo "2064"]
[PlyCount "107"]
[EventDate "2001.??.??"]

1. e4 e5 2. Nf3 Nc6 3. Bb5 a6 4. Bxc6 dxc6 5. O-O Bd6 6. d4 exd4 7. Qxd4 f6 8.
Nc3 Be6 9. Be3 Ne7 10. Qd3 O-O 11. Rfd1 Qe8 12. Nd4 Bf7 13. Qe2 c5 14. Nb3 b6
15. Nd2 Nc6 16. Nc4 Bxc4 17. Qxc4+ Kh8 18. a3 Qh5 19. f4 Rfe8 20. Qf1 Qg4 21.
Rd2 Nd4 22. h3 Qg3 23. Qf2 Qxf2+ 24. Kxf2 Rad8 25. g3 g6 26. Rad1 Kg7 27. Kg2
Nb5 28. Nxb5 axb5 29. Kf3 b4 30. axb4 cxb4 31. Bxb6 cxb6 32. Rxd6 Rxd6 33. Rxd6
Rc8 34. Rxb6 Rxc2 35. Rxb4 Kf7 36. Rb7+ Kg8 37. e5 fxe5 38. fxe5 h6 39. e6 Kf8
40. b4 Rb2 41. h4 g5 42. hxg5 hxg5 43. Kg4 Rb3 44. Kxg5 Rxg3+ 45. Kf6 Rf3+ 46.
Ke5 Re3+ 47. Kd4 Rxe6 48. b5 Ke8 49. Kc5 Kd8 50. Rb6 Re5+ 51. Kd6 Rc5 52. Kxc5
Kc7 53. Rd6 Kb7 54. b6 {arcos resigns} 1-0